000 00681nam a2200265Ia 4500
003 OSt
005 20220912145456.0
006 a|||||r|||| 00| 0
007 ta
008 220909b |||||||| |||| 00| 0 eng d
024 _a67929
037 _b1805, 13/09/2006, Pt. Book International
037 _cTextual
040 _aCSL
_beng
_cCSL
041 _aeng
082 _aCN1, M5;N6;5 TC
100 _aRyder Lewis
245 0 _aQuantum theory
250 _a2
260 _c1996
300 _ap.
_ccm.
650 _aPhysics
942 _hCN1, M5;N6;5 TC
_cTEXL
_2CC
999 _c32705
_d32705